000 00850nam a22002417a 4500
003 OSt
005 20260530113910.0
008 260421b1993 ck |||| |||| 00| 0 spa d
040 _aICI
_bspa
_cICI
050 _aHD62.4
_bY5618 1993
100 _aYip, George S., |
_eautor
_933354
245 _aGlobalizacion :
_bEstrategias para obtener una ventaja competitiva internacional /
_c George s. yip ; tr., Jorge Cárdenas nannetti
264 _aBogotá, Colombia ;
_bNorma,
_c1993
300 _a331 paginas
_c22 cm.
336 _2rdacontent
_atexto
337 _2rdamedia
_asin medio
338 _2rdacarrier
_avolumen
650 _aEmpresas internacionales
_xAdministración
_933355
650 _aPlanificación estratégica
_933356
700 _aCárdenas Nannetti, Jorge,
_etraductor
_933357
700 _a Yip, George S.
_933358
942 _2lcc
_cBK
999 _c12118
_d12118